Name a Valid Northern Hemisphere Country - Statistics

General Stats
  • This quiz has been taken 126 times
  • The average score is 9 of 15
Answer Stats
Name a northern hemisphere country ... Answer % Correct
that claims territory in Antarctica France | Norway | United Kingdom
95%
with more than 50,000 Australian citizens resident China | Greece | United Kingdom | United States
92%
whose capital is on the Indian Ocean Indonesia | Maldives | Oman | Sri Lanka | Somalia
90%
with direct flights to Madagascar (pre-COVID) Ethiopia | France | Kenya
77%
whose capital lies within one degree of the equator Ecuador | Gabon | Nauru | São Tomé and Príncipe | Uganda
74%
that has won the Rugby League World Cup United Kingdom (England)
71%
with more than 10 official languages India | Taiwan
60%
that also touches the Tropic of Capricorn Brazil
58%
with a wild population of black rhinos Kenya
58%
with more sheep than people Iceland | Mauritania | Mongolia | Somalia | Turkmenistan
56%
that drives on the left but wasn't part of the British Empire Indonesia | Japan | Thailand
51%
with a wild population of penguins Brazil | Ecuador
45%
that was uninhabited in 1000 AD Cape Verde | São Tomé and Príncipe
40%
that is a full member of MERCOSUR Brazil
32%
that borders the Sulu Sea Malaysia | Philippines
29%
No matching quizzes found
Score Distribution
Percent of People with Each Score
Percentile by Number Answered
Your Score History
You have not taken this quiz